Tribhuvan University Central Library

Spiritual spectacles, vision and image in mid-ninteenth-century Shakerism (Record no. 21089)

MARC details
000 -LEADER
fixed length control field 006510000a22002530004500
082 ## - DEWEY DECIMAL CLASSIFICATION NUMBER
Classification number 704.288097409034
Item number P944s
-- AS
020 ## - INTERNATIONAL STANDARD BOOK NUMBER
International Standard Book Number 0-253-34614-2
041 ## - LANGUAGE CODE
Language code of text/sound track or separate title Eng
100 ## - MAIN ENTRY--PERSONAL NAME
Personal name Promey, Sally M.
245 ## - TITLE STATEMENT
Title Spiritual spectacles, vision and image in mid-ninteenth-century Shakerism
260 ## - PUBLICATION, DISTRIBUTION, ETC. (IMPRINT)
Place of publication, distribution, etc Bloomington
Name of publisher, distributor, etc Indiana University Press, USA
260 ## - PUBLICATION, DISTRIBUTION, ETC. (IMPRINT)
Date of publication, distribution, etc 1993
300 ## - PHYSICAL DESCRIPTION
Extent xxiv, 292p.
440 ## - SERIES STATEMENT/ADDED ENTRY--TITLE
Title Religion in North America
518 ## - DATE/TIME AND PLACE OF AN EVENT NOTE
Date/time and place of an event note 20000403
530 ## - ADDITIONAL PHYSICAL FORM AVAILABLE NOTE
Additional physical form available note M
500 ## - GENERAL NOTE
General note Includes bibliography
650 ## - SUBJECT ADDED ENTRY--TOPICAL TERM
Topical term or geographic name as entry element Arts
650 ## - SUBJECT ADDED ENTRY--TOPICAL TERM
Topical term or geographic name as entry element Christians
650 ## - SUBJECT ADDED ENTRY--TOPICAL TERM
Topical term or geographic name as entry element Icons
651 ## - SUBJECT ADDED ENTRY--GEOGRAPHIC NAME
Geographic name United States
650 ## - SUBJECT ADDED ENTRY--TOPICAL TERM
Topical term or geographic name as entry element Shaker Arts
942 ## - ADDED ENTRY ELEMENTS (KOHA)
Koha item type General Collections
Holdings
Withdrawn status Lost status Damaged status Not for loan Home library Current library Date acquired Total Checkouts Barcode Date last seen Price effective from
        Tribhuvan University Central Library Tribhuvan University Central Library 06/20/2010   G45948 06/20/2010 06/20/2010